000 00326nam a2200145Ia 4500
005 20251222142025.0
008 251222s9999||||xx |||||||||||||| ||spa||
020 _a9584202820
082 _a871/C75
100 _aCollazos, Óscar
245 0 _aEl Exilio y la Culpa
250 _a1ra.ed.
264 _bPlaneta
942 _cLIB
999 _c10768
_d10768